But not the hippopotamus / (Record no. 4069)
[ view plain ]
| 000 -LEADER | |
|---|---|
| fixed length control field | 00844cam a22002897a 4500 |
| 005 - DATE AND TIME OF LATEST TRANSACTION | |
| control field | 20250813132548.0 |
| 020 ## - INTERNATIONAL STANDARD BOOK NUMBER | |
| International Standard Book Number | 076714004993 |
| 040 ## - CATALOGING SOURCE | |
| Original cataloging agency | DLC |
| Transcribing agency | DLC |
| Modifying agency | DLC |
| Language of cataloging | eng |
| 050 00 - LIBRARY OF CONGRESS CALL NUMBER | |
| Classification number | PZ8.3.B7 |
| 082 00 - DEWEY DECIMAL CLASSIFICATION NUMBER | |
| Classification number | 823.914 |
| 100 1# - MAIN ENTRY--PERSONAL NAME | |
| Personal name | Boynton, Sandra |
| 245 10 - TITLE STATEMENT | |
| Title | But not the hippopotamus / |
| Statement of responsibility, etc. | by Sandra Boynton |
| 260 ## - PUBLICATION, DISTRIBUTION, ETC. | |
| Place of publication, distribution, etc. | New York : |
| Name of publisher, distributor, etc. | Little Simon, |
| Date of publication, distribution, etc. | 1982 |
| 300 ## - PHYSICAL DESCRIPTION | |
| Extent | 13 unnumbered pages : |
| Other physical details | color illustrations ; |
| Dimensions | 15 cm. |
| 490 ## - SERIES STATEMENT | |
| Series statement | Boynton board books |
| 500 ## - GENERAL NOTE | |
| General note | First published in 1982. |
| 505 ## - FORMATTED CONTENTS NOTE | |
| Formatted contents note | G <br/> |
| 520 ## - SUMMARY, ETC. | |
| Summary, etc. | Animals pair up in these humorous rhymes. |
| 521 ## - TARGET AUDIENCE NOTE | |
| Target audience note | 390 <br/> |
| Source | Lexile AD <br/> |
| 521 ## - TARGET AUDIENCE NOTE | |
| Target audience note | G <br/> |
| Source | Raz-Plus <br/> |
| 650 #1 - SUBJECT ADDED ENTRY--TOPICAL TERM | |
| Topical term or geographic name entry element | Hippopotamuses |
| General subdivision | Fiction. |
| 650 #1 - SUBJECT ADDED ENTRY--TOPICAL TERM | |
| Topical term or geographic name entry element | Animals |
| General subdivision | Fiction. |
| 650 #1 - SUBJECT ADDED ENTRY--TOPICAL TERM | |
| Topical term or geographic name entry element | Stories in rhyme. |
| 906 ## - LOCAL DATA ELEMENT F, LDF (RLIN) | |
| a | 7 |
| b | cbc |
| c | origcop |
| d | 2 |
| e | ncip |
| f | 20 |
| g | y-gencatlg |
| 942 ## - ADDED ENTRY ELEMENTS (KOHA) | |
| Source of classification or shelving scheme | Dewey Decimal Classification |
| Koha item type | Books |
| Suppress in OPAC | No |
| 999 ## - | |
| -- | 4069 |
| -- | 4069 |
| Withdrawn status | Lost status | Source of classification or shelving scheme | Damaged status | Not for loan | Collection | Home library | Current library | Shelving location | Date acquired | Total Checkouts | Full call number | Barcode | Date last seen | Copy number | Price effective from | Koha item type |
|---|---|---|---|---|---|---|---|---|---|---|---|---|---|---|---|---|
| Dewey Decimal Classification | Juvenile Fiction | Footprints International School Library Network Toul Tom Poung Campus | Footprints International School Library Network Toul Tom Poung Campus | TTP Primary Dark Blue Bookshelves | 06/05/2024 | BOU 823.914 PZ8.B7 | FISBK07035 | 06/05/2024 | 1 | 06/05/2024 | Books | |||||
| Dewey Decimal Classification | Juvenile Fiction | Footprints International School Library Network Toul Tom Poung Campus | Footprints International School Library Network Toul Tom Poung Campus | TTP Primary Dark Blue Bookshelves | 08/13/2025 | BOU 823.914 PZ8.B7 | FISTKKA004 | 08/13/2025 | 2 | 08/13/2025 | Books |
